Silnejúcim trendom je efektívnosť
Iniciatíva ECR ČR a SR. Koncepcia ECR (efficient consumer responze - efektívna odpoveď na potreby zákazníka). Prostriedky na dosiahnutie cieľov. Stratégie ECR: efektívnosť sortimentu, doplňovania zásob, promočných akcií, zavedenia nových výrobkov do sortimentu. Dôraz na štandardizáciu.
Gespeichert in:
| 1. Verfasser: | |
|---|---|
| Format: | Buchkapitel |
| Sprache: | Slowakisch |
| Schlagworte: | |
| Tags: |
Keine Tags, Fügen Sie das erste Tag hinzu!
|
MARC
| LEADER | 00000naa$a2200000$$$4500 | ||
|---|---|---|---|
| 001 | 0024548 | ||
| 005 | 20231107125332.9 | ||
| 041 | 0 | |a slo | |
| 044 | |a SK | ||
| 245 | 1 | 0 | |a Silnejúcim trendom je efektívnosť |c Martina Knihárová |
| 520 | |a Iniciatíva ECR ČR a SR. Koncepcia ECR (efficient consumer responze - efektívna odpoveď na potreby zákazníka). Prostriedky na dosiahnutie cieľov. Stratégie ECR: efektívnosť sortimentu, doplňovania zásob, promočných akcií, zavedenia nových výrobkov do sortimentu. Dôraz na štandardizáciu. | ||
| 610 | 2 | 0 | |a obchod |
| 610 | 2 | 0 | |a zákazníci |
| 610 | 2 | 0 | |a sortiment tovaru |
| 610 | 2 | 0 | |a zásoby tovaru |
| 610 | 2 | 0 | |a efektívnosť |
| 610 | 2 | 0 | |a prezentácia firemná |
| 610 | 2 | 0 | |a štandardy |
| 610 | 2 | 0 | |a dodávatelia |
| 610 | 2 | 0 | |a odberatelia |
| 610 | 2 | 0 | |a Slovensko |
| 610 | 2 | 0 | |a Česko |
| 100 | 1 | |a Knihárová, Martina | |